00532nam a2200145Ia 4500008004100000020001800041100001900059245012600078260002000204440001700224650001200241856004100253999001900294952007300313171212s9999 xx 000 0 und d a9781910634981 aTiedau, Ulrich cTiedau, Ulricheditor Fenoulhet, Jane;Gilbert, LesleyaNarratives of Low Countries History and CulturebReframing the Past bUCL Pressc2016 aGlobal Dutch aHistory uhttp://jstor.org/stable/j.ctt1hd18bd c352878d352878 001040aCLbCLd2017-12-12l0r2017-12-12 00:00:00w2017-12-12yCBE